SolarBalls Characters - Statistics

General Stats
  • This quiz has been taken 469 times
    81 since last reset
  • The average score is 81 of 143
Answer Stats
Picture Answer % Correct
Sun
100%
Astrodude
98%
Earth
98%
Mercury
98%
Proto-Earth
98%
Venus
98%
Earth's Moon
96%
Jupiter
96%
Mars
96%
Neptune
96%
Pluto
96%
Uranus
96%
Ceres
94%
Planet X
94%
Saturn
94%
Deimos
92%
Phobos
92%
Titan
90%
Charon
88%
Theia
88%
Triton
88%
Callisto
87%
Astrodude's Wife
85%
Europa
85%
Ganymede
85%
Io
85%
Titania
85%
Makemake
83%
Astrodude's Son
81%
Canada
81%
Eris
81%
Haumea
81%
NasaDude
81%
Russia
81%
SIMP0136
79%
China
77%
Enceladus
77%
France
77%
Japan
77%
Italy
75%
Metis
75%
Proteus
75%
Sedna
75%
Brazil
73%
Gonggong
73%
WISE 0855-0714
73%
USA
71%
Germany
69%
India
69%
Umbriel
69%
Ariel
67%
Dione
67%
UK
67%
US Soldier
67%
Argentina
65%
Mimas
65%
Rhea
65%
Spain
65%
Computer
63%
Dark Side of the Moon
63%
Greece
63%
Oberon
63%
Gravity
62%
Miranda
62%
Peru
62%
Poland
62%
Sweden
62%
Houston
60%
Iapetus
60%
Portugal
60%
SWAT Officer
58%
OGLE-2016-BLG-1928
56%
OTS 44
56%
PSO J318.5-22
56%
Switzerland
56%
Taiwan
56%
UN
56%
Ireland
54%
Proxima Centauri
54%
S.A.R.
54%
Orcus
52%
Tethys
52%
Guillermo
50%
Netherlands
50%
Neutron
50%
Cosmo
48%
Mr. Proton
48%
Austria
46%
Elara
46%
Blue Whale
44%
Bulgaria
44%
Laika
44%
Mrs. Electron
44%
Proton
44%
Hyperion
42%
Amalthea
40%
Quaoar
40%
Larissa
38%
Network Lady
38%
News Reporter
38%
Silicon Based Organism
38%
Thebe
38%
Yemen
38%
Arcturus
37%
Galatea
37%
Nereid
37%
Hippocamp
35%
Thalassa
35%
The Strong Nuclear Force
35%
The Weak Nuclear Force
35%
Neso
33%
Sao
33%
Electromagnetism
31%
PlayerDude
31%
Rigil Kentaurus
31%
Singularity
31%
Anglerfish
29%
Despina
29%
Giant Squid
29%
Naiad
29%
Toliman
29%
Psamathe
27%
Antineutron
25%
Antiproton
25%
ChrisDaCow
23%
Curiosity
23%
Derrick Muller
23%
Halimede
23%
Perseverance
21%
Laomedeia
19%
Mali
19%
Opportunity
19%
Steve Taylor
19%
Crown Jellyfish
17%
White Supergiant
17%
Dan Rhodes
15%
Dr. Sarah Roth
15%
Venera Robot
12%
Earthling Robot
10%
Frogfish
8%
Sojourner
8%
Spirit
8%
Sea Pig
4%
No matching quizzes found
Score Distribution
Percent of People with Each Score
Percentile by Number Answered
Your Score History
You have not taken this quiz since the last reset